Detalles MARC
| 000 -Líder |
| campo de control de longitud fija |
04128nam a2200325 a 4500 |
| 001 - Número de Control |
| campo de control |
991017720342307486 |
| 005 - Fecha y Hora de Actualización |
| campo de control |
20260421124555.0 |
| 008 - Longitud Fija |
| campo de control de longitud fija |
250821n ck a gr 000 0 spa d |
| 020 ## - International Standard Book Number |
| ISBN |
9789587362350 |
| 040 ## - Fuente de Catalogación |
| Centro catalogador/agencia de origen |
CO-BoBLA |
| Lengua de catalogación |
Español |
| Centro/agencia transcriptor |
CO-BoBLA |
| Normas de descripción |
rda |
| 041 0# - Idioma |
| Código de lengua del texto/banda sonora o título independiente |
Español |
| 100 ## - Entrada Principal -- Nombre de Persona |
| Nombre de persona |
Durán Ramírez, Felipe. |
| Término indicativo de función/relación |
|
| -- |
|
| 245 10 - Título Propiamente Dicho |
| Título |
Enfermedades del oído en caninos y felinos / |
| Mención de responsabilidad |
Felipe Durán Ramirez. |
| 264 #1 - Producción, Publicación, Distribución, Fabricación y Copyright |
| Producción, publicación, distribución, fabricación y copyright |
Bogotá : |
| Nombre del de productor, editor, distribuidor, fabricante |
Grupo Latino Editores, |
| Fecha de producción, publicación, distribución, fabricación o copyright |
2025 |
| 300 ## - Descripción Física |
| Extensión |
229 páginas : |
| Otras características físicas |
ilustraciones, fotografías, cuadros ; |
| Dimensiones |
21 cm. |
| 336 ## - Tipo de Contenido |
| Término de tipo de contenido |
texto |
| Código de tipo de contenido |
texto |
| Fuente |
rdacontent |
| 337 ## - Tipo de Medio |
| Nombre/término del tipo de medio |
sin mediacion |
| Código del tipo de medio |
no mediado |
| Fuente |
rdamedia |
| 338 ## - Tipo de Portador |
| Nombre/término del tipo de soporte |
volumen |
| Código del tipo de soporte |
volumen |
| Fuente |
rdacarrier |
| 490 1# - Mención de Serie |
| Mención de serie |
Volvamos al campo |
| 504 ## - Nota de Bibliografía |
| Nota de bibliografía, etc. Nota |
Incluye referencias bibliográficas páginas 221-229. |
| 505 ## - Nota de Contenido |
| Nota de contenido con formato |
Contenido. -- Introducción. -- Anatomía del oído. -- Oído externo. -- Oído interno. --Oído medio. -- Huesecillos del oído. -- Membrana timpánica. Tímpano. -- Trompa auditiva o trompa de Eustaquio. -- Cerumen. -- Fisiología de la audición. -- Microbiología del conducto auditivo. --Patologías auditivas. -- Sordera. -- Tipos de sordera. -- Sordera unilateral y bilateral. -- Sordera congénita. -- En los perros. -- En los gatos. - -Sordera periférica y sordera central. -- Sordera sindrómica y no sindrómica. -- Sordera por presbiacusia. -- Sordera por envejecimiento. -- Causa de sordera en perros viejos. -- Sordera en perros por ototoxicidad. -- El color del perro predispone a la sordera. -- Método para saber si un perro está sordo. -- Test de BAER.-- Razas más propensa a sufrir sordera congénita. -- Síndrome vestibular. -- Sistema vestibular y síndrome vestibular. -- Ototoxicidad. -- Neoplasia auditiva. -- Hipotiroidismo. -- Enfermedad vestibular congénita. -- Enfermedad vestibular geriátrica. -- Otitis media interna (OMI). -- Pólipos nasofaríngeos. -- Síndrome vestibular central. -- Síndrome vestibular periférico. -- Síndrome vestibular central. -- Síndrome vestibular periférico. -- Síndrome vestibular paradójico. -- Síndrome vestibular agudo. -- Citología ótica. Cuadro. -- Otoscopia. Cuadro. -- dermatosis de los pabellones auriculares. -- Dermatosis del borde de las orejas. -- Alopecia canina del pabellón auricular. -- Vasculitis en el margen del pabellón auricular. -- Necrosis del cartílago de la oreja en perros. -- Pliegue de los extremos de las orejas de los gatos. -- Dermatitis solar o actínica. -- Hematoma auricular en felino. -- Otohematoma. -- Dermatitis liquenoide psoriasiforme. -- Síndrome leproide granulomatoso. -- Seborrea del borde de los pabellones. -- Celulitis juvenil. -- Enfermedad por aglutininas frías. -- Epidermólisis bullosa adquirida (EBA). --Epidermólisis bullosa de la unión dermoepidérmica. -- Dermatitis por hipersensibilidad a las picaduras de moscas. -- Sarna sarcóptica. -- Sarna otodéctica. -- Trombiculosis. -- Demodicosis. -- Leishmaniasis. -- Dermatofitosis. -- Dermatitis atópica. -- Pénfigo foliáceo y erimatoso. -- Alopecia areata. --Tumores. --Ácaros en los oídos. -- Otitis. -- Otitis externa. -- Otitis media. -- Otitis interna. -- Bibliografía |
| 520 ## - Nota de Resumen |
| Sumario, etc. |
Obra de carácter técnico que estudia las principales enfermedades del oído en perros y gatos. Presenta la anatomía y fisiología del sistema auditivo, así como los métodos de diagnóstico clínico empleados en medicina veterinaria. Describe patologías frecuentes como otitis externa, media e interna, afecciones del pabellón auricular y trastornos vestibulares, junto con sus manifestaciones clínicas, etiología y tratamiento. Incluye orientaciones para el manejo terapéutico y la prevención de estas enfermedades en pequeños animales. |
| 598 ## - Programas Académicos |
| Programas Académicos |
Medicina Veterinaria |
| 082 04 - Número de Clasificación Decimal Dewey |
| Número de clasificación |
636.0896 |
| Número de ítem |
D948e |
| 650 #0 - Punto de Acceso Adicional -- Materia general |
| Término de materia o nombre geográfico como elemento de entrada |
Enfermedades de los perros |
| Subdivisión general |
Diagnostico y tratamiento |
| Fuente del encabezamiento o término |
BLAAUTO |
| 9 (RLIN) |
1137 |
| 650 #0 - Punto de Acceso Adicional -- Materia general |
| Término de materia o nombre geográfico como elemento de entrada |
Enfermedades de los gatos |
| Subdivisión general |
Diagnostico y tratamiento |
| Fuente del encabezamiento o término |
BLAAUTO |
| 9 (RLIN) |
1132 |
| 650 #0 - Punto de Acceso Adicional -- Materia general |
| Término de materia o nombre geográfico como elemento de entrada |
Medicina veterinaria |
| Subdivisión general |
Diagnostico y tratamiento |
| Fuente del encabezamiento o término |
BLAAUTO |
| 9 (RLIN) |
1133 |
| 650 #0 - Punto de Acceso Adicional -- Materia general |
| Término de materia o nombre geográfico como elemento de entrada |
Salud animal |
| Subdivisión general |
Diagnostico y tratamiento |
| Fuente del encabezamiento o término |
BLAAUTO |
| 9 (RLIN) |
1134 |
| 942 ## - Punto de Acceso Adicional Koha |
| Tipo de ítem Koha |
Libro general |
| Suprimir en OPAC |
No |